000
00327cam a2200133ua 4500
003
OSt
008
221123b |||||||| |||| 00| 0 eng d
041
_a
eng
082
_a
923.2
_b
PUB/JA
245
_a
Jawaharlal Nehru: Homage /
260
_a
India :
_b
Ministry of I&B, Govt. of India ,
_c
1964.
300
_a
112 ; .
942
_c
BK
999
_c
6098
_d
6098